000 00921nas a2200313 4500
001 BR9205854
003 BR-BrBNA
005 20231205094629.0
007 ta
008 230509b bl.|||p| |||| 00| 00por d
040 _aBR-BrBNA
_bpor
_cBiblioteca Nacional de Agricultura
041 _a(Pt)
072 _aH10
100 1 _aRodrigues, J.C.
100 1 _aTavares, S.
100 1 _aCarvalho, J.C.
100 1 _aCorte, C.R.
100 1 _aFekete, T.J.
100 1 _aAlmeida, S.L.
100 1 _aGalhardo, L.C.S.
100 1 _aMariconi, F.A.M.
245 1 _aPulverizacao de novos defensivos, em laranjeiras, contra o acaro da falsa ferrugem Phyllocoptruta oleivora (Ashm. 1879)
650 _aLaranja
650 _aAcaro
650 _aDefensivo
773 0 _tSolo (Brazil)
_xISSN 0584-0821
_g(Jan-Jun 1981), v. 73(1) p. 28-31
_wBR9205854
909 _a202311
_bLúcia
_c55
_dLúcia Elande
942 _2AGRIS
_n0
_cANA
999 _c145770
_d145770